| 000 | 00614nam a22001937a 4500 | ||
|---|---|---|---|
| 005 | 20251108173707.0 | ||
| 008 | 250721s2006 xx 000 0 ara d | ||
| 082 | 1 | 4 | _aم/ 741.956111/ شيش |
| 100 | 1 | _aشيشكلي، خلدون | |
| 245 | 1 | 0 |
_aدكاكين و بياعين زمان : _b500 لوحة و رأي / |
| 264 | 1 |
_aدمشق : _bدار البشائر للطباعة والنشر والتوزيع، _c2006. |
|
| 300 | _a608 ص. | ||
| 650 | 1 | 7 | _aالرسم |
| 650 | 1 | 7 | _aالرسومات |
| 650 | 1 | 7 | _aتاريخ سوريه |
| 653 | _aتاريخ دمشق | ||
| 942 |
_2ddc _cREF |
||
| 999 |
_c110112 _d110112 |
||